00306nam a2200133Ia 4500003000400000005001700004008004100021020001800062040002700080100001700107100000900124245002700133260001200160OSt20240105153214.0170524s9999 xx 000 0 und d a9789350975879 ciimt university meerut aRAO- SUBBA P c2013 0aINTERNATIONAL BUSINESS aHIMALYA